00567 a2200145 4500003000500000005001700005040000900022082001600031100002000047245005400067260004200121300001300163505022800176650001700404NUST20221207183617.0 cNust a297.009,HUS aHussain, Iqbal  aIslam and westren civilzation /cIqbal S. Hussain aLahorebHummanity internationalc1997 a333 p. : aIntroduction (Page-1), Divine Message And Dynamism (Page-17), Reconstruction Of Thought And Spirit (Page-113), Conspiracies And Crises (Page-189), The West And Cultural Deception (Page-225), Evolution of Society (Page-260). acivilization